Microsoft Visual Basic 4: Projects for Windows 95
Đã lưu trong:
| Príomhúdar: | |
|---|---|
| Formáid: | Leabhar |
| Teanga: | Undetermined |
| Foilsithe: |
Menlo Park, California
The Benjamin/Cummings
1997
|
| Ábhair: | |
| Clibeanna: |
Cuir Clib Leis
Gan Chlibeanna, Bí ar an gcéad duine leis an taifead seo a chlibeáil!
|
| Thư viện lưu trữ: | Trung tâm Học liệu Trường Đại học Cần Thơ |
|---|
| LEADER | 00536nam a2200169Ia 4500 | ||
|---|---|---|---|
| 001 | CTU_43194 | ||
| 008 | 210402s9999 xx 000 0 und d | ||
| 082 | |a 005.15 | ||
| 082 | |b T543 | ||
| 100 | |a Paul B Thurrott | ||
| 245 | 0 | |a Microsoft Visual Basic 4: Projects for Windows 95 | |
| 245 | 0 | |c Paul B Thurrott, Gary R Brent, James R Elam | |
| 260 | |a Menlo Park, California | ||
| 260 | |b The Benjamin/Cummings | ||
| 260 | |c 1997 | ||
| 650 | |a basic ( computer program language ) | ||
| 980 | |a Trung tâm Học liệu Trường Đại học Cần Thơ | ||